| 000 | 01578nam a2200409Ia 4500 | ||
|---|---|---|---|
| 001 | ebr10150456 | ||
| 003 | CaPaEBR | ||
| 006 | m u | ||
| 007 | cr cn||||||||| | ||
| 008 | 060117s2006 nyua sb 001 0 eng d | ||
| 010 | _z 2006041582 | ||
| 020 | _z1403983496 | ||
| 020 | _z140397182X | ||
| 024 | 3 | _z9781403971821 | |
| 040 |
_aCaPaEBR _cCaPaEBR |
||
| 035 | _a(OCoLC)567962865 | ||
| 050 | 1 | 4 |
_aJZ1305 _b.B453 2006eb |
| 082 | 0 | 4 |
_a327.101/5193 _222 |
| 245 | 0 | 0 |
_aBeliefs and leadership in world politics _h[electronic resource] : _bmethods and applications of operational code analysis / _cedited by Mark Schafer and Stephen G. Walker. |
| 250 | _a1st ed. | ||
| 260 |
_aNew York : _bPalgrave Macmillan, _c2006. |
||
| 300 |
_axiv, 288 p. : _bill. |
||
| 490 | 1 | _aAdvances in foreign policy analysis | |
| 504 | _aIncludes bibliographical references (p. [249]-274) and index. | ||
| 533 |
_aElectronic reproduction. _bPalo Alto, Calif. : _cebrary, _d2011. _nAvailable via World Wide Web. _nAccess may be limited to ebrary affiliated libraries. |
||
| 650 | 0 | _aInternational relations. | |
| 650 | 0 | _aCommunication in politics. | |
| 650 | 0 | _aSecurity, International. | |
| 650 | 0 | _aGame theory. | |
| 650 | 0 | _aIdeology. | |
| 655 | 7 |
_aElectronic books. _2local |
|
| 700 | 1 |
_aSchafer, Mark, _d1962- |
|
| 700 | 1 |
_aWalker, Stephen G., _d1942- |
|
| 710 | 2 | _aebrary, Inc. | |
| 830 | 0 | _aAdvances in foreign policy analysis. | |
| 856 | 4 | 0 |
_uhttp://site.ebrary.com/lib/rucke/Doc?id=10150456 _zAn electronic book accessible through the World Wide Web; click to view |
| 999 |
_c202952 _d202952 |
||